[Event "WSTCC-50 2024"]
[Site "Krakow"]
[Date "2024.07.09"]
[Round "7.13"]
[White "Jhunjhnuwala, Krishan"]
[Black "Kirby, Peter J."]
[Result "1/2-1/2"]
[WhiteElo "2227"]
[BlackElo "1984"]
[Annotator "RC"]
[PlyCount "39"]
[EventDate "2024.07.01"]
[EventType "team-tourn"]
[EventCountry "POL"]
[SourceTitle "playchess.com"]
[Source "ChessBase"]
[SourceQuality "1"]

1. e4 c5 2. Nc3 e6 3. f4 d5 4. Nf3 dxe4 5. Nxe4 Nc6 6. g3 Be7 7. Bg2 Nf6 8. Nxf6+ Bxf6 9. d3 O-O 10. O-O Bd7 11. Nd2 Qc7 12. a4 Nd4 13. Ne4 Be7 14. Be3 Bc6 15. Qd2 Nf5 16. Bf2 b6 17. a5 Nd6 18. Rfe1 Nxe4 19. dxe4 e5 20. f5 1/2-1/2

[Event "WSTCC-50 2024"]
[Site "Krakow"]
[Date "2024.07.09"]
[Round "7.13"]
[White "Belakovskaia, Anjelina"]
[Black "Lima, Darcy"]
[Result "1/2-1/2"]
[WhiteElo "2171"]
[BlackElo "2392"]
[Annotator "TA"]
[PlyCount "130"]
[EventDate "2024.07.01"]
[EventType "team-tourn"]
[EventCountry "POL"]
[SourceTitle "playchess.com"]
[Source "ChessBase"]
[SourceQuality "1"]

1. e4 e5 2. Nf3 Nc6 3. Bc4 Nf6 4. d3 h6 5. c3 d6 6. Nbd2 g6 7. Nf1 Bg7 8. Ng3 O-O 9. O-O Na5 10. Bb5 a6 11. Ba4 b5 12. b4 bxa4 13. bxa5 Bd7 14. Nd2 d5 15. Ba3 Re8 16. Rb1 Bc6 17. Qc2 h5 18. c4 dxe4 19. Ngxe4 Nh7 20. Nc3 Ng5 21. Nde4 Ne6 22. Nd5 Bxd5 23. cxd5 Qxd5 24. Qc4 Rad8 25. Qxa6 Qxd3 26. Qxd3 Rxd3 27. Bb4 Ra8 28. Rfc1 Bh6 29. Rd1 Rxd1+ 30. Rxd1 Nd4 31. Kf1 Nc6 32. Bc3 Bg7 33. Rd7 Nd4 34. Ng5 Nb5 35. Bb4 c5 36. Bxc5 f6 37. Ne6 Bh6 38. Bb6 a3 39. Rd8+ Rxd8 40. Nxd8 Kf8 41. Nc6 Ke8 42. Nb8 Nd6 43. a6 Nc8 44. Bc5 Kd8 45. a7 Nxa7 46. Bxa7 Kc7 47. Ke2 f5 48. Bc5 Kxb8 49. Bxa3 e4 50. f3 exf3+ 51. Kxf3 g5 52. h3 g4+ 53. Kg3 Bg5 54. hxg4 hxg4 55. Bd6+ Kc8 56. Bf4 Bd8 57. Kf2 Kd7 58. Ke3 Bb6+ 59. Kd3 Kc6 60. Kc4 Bc7 61. Bxc7 Kxc7 62. Kd5 f4 63. Ke4 f3 64. gxf3 gxf3 65. Kxf3 Kb6 1/2-1/2

[Event "WSTCC-50 2024"]
[Site "Krakow"]
[Date "2024.07.09"]
[Round "7.14"]
[White "Cummings, David H."]
[Black "Kaspi, Alexander"]
[Result "1/2-1/2"]
[WhiteElo "2314"]
[BlackElo "2365"]
[Annotator "TA"]
[PlyCount "65"]
[EventDate "2024.07.01"]
[EventType "team-tourn"]
[EventCountry "POL"]
[SourceTitle "playchess.com"]
[Source "ChessBase"]
[SourceQuality "1"]

1. c4 e6 2. Nc3 d5 3. e3 Nf6 4. Nf3 a6 5. b3 b6 6. cxd5 exd5 7. g3 Bb7 8. Bg2 Nbd7 9. Bb2 g6 10. Rc1 Bg7 11. Ba3 Bf8 12. Bxf8 Kxf8 13. O-O Kg7 14. Ne2 c6 15. Nf4 Qe7 16. Re1 Rhe8 17. Qc2 Qd6 18. Qb2 Kg8 19. d3 Re7 20. Red1 a5 21. a3 Rae8 22. b4 axb4 23. axb4 h6 24. Nd4 Qe5 25. Qb3 Nb8 26. b5 c5 27. Nc6 Nxc6 28. bxc6 Bxc6 29. d4 Qb8 30. dxc5 bxc5 31. Qxb8 Rxb8 32. Rxc5 Ba8 33. h4 1/2-1/2

[Event "WSTCC-50 2024"]
[Site "Krakow"]
[Date "2024.07.09"]
[Round "7.14"]
[White "Becker, Rogerio Sperb"]
[Black "Sagalchik, Olga"]
[Result "1/2-1/2"]
[WhiteElo "2053"]
[BlackElo "2128"]
[Annotator "RC"]
[PlyCount "98"]
[EventDate "2024.07.01"]
[EventType "team-tourn"]
[EventCountry "POL"]
[SourceTitle "playchess.com"]
[Source "ChessBase"]
[SourceQuality "1"]

1. c4 e5 2. g3 Nc6 3. Bg2 g6 4. Nc3 Bg7 5. Nf3 d6 6. d3 Nge7 7. O-O h6 8. Rb1 Be6 9. b4 Qd7 10. b5 Nd8 11. e4 O-O 12. Nd5 c6 13. bxc6 bxc6 14. Nxe7+ Qxe7 15. Be3 Kh7 16. Qc2 c5 17. a3 Nc6 18. Qa4 Qc7 19. h4 Bd7 20. Qc2 Rab8 21. h5 Rxb1 22. hxg6+ fxg6 23. Rxb1 Rb8 24. Kh2 Rxb1 25. Qxb1 g5 26. Kg1 Bf6 27. Nh2 Qb8 28. Qd1 Qc8 29. Bf3 Bd8 30. Bg4 Bxg4 31. Nxg4 Kg6 32. Nh2 Ba5 33. Qf3 h5 34. Qd1 Qf8 35. Kg2 Bd8 36. Qa4 Qe8 37. Nf1 Qd7 38. Bd2 g4 39. Bc3 Bg5 40. Nh2 h4 41. gxh4 Bxh4 42. Qd1 Kh5 43. Nf1 Qf7 44. Qe2 Nd4 45. Bxd4 cxd4 46. Nh2 Qf4 47. Nf1 Kg6 48. Nh2 Kh5 49. Nf1 Kg6 1/2-1/2

[Event "WSTCC-50 2024"]
[Site "Krakow"]
[Date "2024.07.09"]
[Round "7.14"]
[White "Rowe, Peter"]
[Black "Jhunjhnuwala, Naresh"]
[Result "1/2-1/2"]
[WhiteElo "1960"]
[BlackElo "2009"]
[Annotator "NA RC"]
[PlyCount "79"]
[EventDate "2024.07.01"]
[EventType "team-tourn"]
[EventCountry "POL"]
[SourceTitle "playchess.com"]
[Source "ChessBase"]
[SourceQuality "1"]

1. d4 Nf6 2. Nf3 g6 3. Bf4 Bg7 4. h3 c5 5. c3 cxd4 6. cxd4 d5 7. Bxb8 Rxb8 8. Qa4+ Bd7 9. Qb3 O-O 10. e3 Qa5+ 11. Nbd2 Ne4 12. Bd3 Rfc8 13. a3 Nxd2 14. Nxd2 e5 15. dxe5 Bxe5 16. Ke2 Rc6 17. Qa2 Be6 18. Rac1 Rbc8 19. Qb1 Qb6 20. b4 Rc3 21. Rxc3 Rxc3 22. a4 Bd6 23. b5 Qa5 24. Bc2 a6 25. Rd1 axb5 26. axb5 Bd7 27. Bd3 Rxd3 28. Kxd3 Bxb5+ 29. Kc2 Ba4+ 30. Nb3 Qc5+ 31. Kb2 Be5+ 32. Ka2 Qa7 33. Qc1 b5 34. Qa3 Bd6 35. Qxd6 Bxb3+ 36. Kxb3 Qa4+ 37. Kc3 Qxd1 38. Qb8+ Kg7 39. Qe5+ Kg8 40. Qe8+ 1/2-1/2

[Event "WSTCC-50 2024"]
[Site "Krakow"]
[Date "2024.07.09"]
[Round "7.15"]
[White "Fleish, Felix"]
[Black "Barron, Michael"]
[Result "1-0"]
[WhiteElo "2161"]
[BlackElo "2046"]
[Annotator "RC"]
[PlyCount "57"]
[EventDate "2024.07.01"]
[EventType "team-tourn"]
[EventCountry "POL"]
[SourceTitle "playchess.com"]
[Source "ChessBase"]
[SourceQuality "1"]

1. d4 f5 2. c4 Nf6 3. Nc3 d6 4. Nf3 g6 5. g3 Bg7 6. Bg2 O-O 7. O-O c6 8. Re1 Ne4 9. Qc2 Nxc3 10. bxc3 e5 11. e4 f4 12. gxf4 Bg4 13. c5 Bxf3 14. Bxf3 exd4 15. Qb3+ Rf7 16. cxd6 Qxd6 17. e5 Qc7 18. cxd4 Na6 19. d5 Qa5 20. Be3 Bxe5 21. fxe5 Rxf3 22. d6+ Qd5 23. Qxd5+ cxd5 24. e6 Nb4 25. d7 Nc6 26. Bc5 Rd8 27. e7 Nxe7 28. Rxe7 Rf7 29. Re8+ 1-0

[Event "WSTCC-50 2024"]
[Site "Krakow"]
[Date "2024.07.09"]
[Round "7.15"]
[White "Jhunjhnuwala, Ramesh"]
[Black "Morgan, Jamie"]
[Result "1-0"]
[WhiteElo "2050"]
[BlackElo "1843"]
[Annotator "NA RC"]
[PlyCount "91"]
[EventDate "2024.07.01"]
[EventType "team-tourn"]
[EventCountry "POL"]
[SourceTitle "playchess.com"]
[Source "ChessBase"]
[SourceQuality "1"]

1. e4 c5 2. c3 d5 3. exd5 Qxd5 4. d4 g6 5. Nf3 Bg7 6. Be3 cxd4 7. cxd4 Nf6 8. Nc3 Qa5 9. Bb5+ Bd7 10. Qb3 O-O 11. O-O a6 12. Bxd7 Nbxd7 13. Rfd1 Qb6 14. Qxb6 Nxb6 15. d5 Nc4 16. Bd4 Rac8 17. Re1 Rfe8 18. Re2 Nd6 19. h3 Kf8 20. g4 Kg8 21. Rae1 Kf8 22. Be5 Nc4 23. Bd4 Nd6 24. Be5 Nc4 25. Bd4 h6 26. Kg2 Nd6 27. Be5 Nc4 28. Bd4 Nd6 29. Be5 Nc4 30. Bd4 Rc7 31. Ne5 Nd6 32. f4 h5 33. Bb6 Rxc3 34. bxc3 Nxd5 35. Be3 hxg4 36. hxg4 Nxc3 37. Rc2 Nd5 38. Kf3 Nxe3 39. Rxe3 Nb5 40. Rd3 Nd6 41. Rc7 Rd8 42. Nc4 Ke8 43. Nxd6+ Rxd6 44. Rxd6 exd6 45. Ke4 Bb2 46. Rxb7 1-0

[Event "WSTCC-50 2024"]
[Site "Krakow"]
[Date "2024.07.09"]
[Round "7.15"]
[White "Tsodikova, Natalia"]
[Black "Santanna, Paulo"]
[Result "0-1"]
[WhiteElo "2019"]
[BlackElo "2020"]
[Annotator "NA RC"]
[PlyCount "80"]
[EventDate "2024.07.01"]
[EventType "team-tourn"]
[EventCountry "POL"]
[SourceTitle "playchess.com"]
[Source "ChessBase"]
[SourceQuality "1"]

1. e4 c5 2. Nf3 e6 3. b3 a6 4. Bb2 Nc6 5. d4 cxd4 6. Nxd4 Qf6 7. c3 Bc5 8. Be2 Nge7 9. O-O O-O 10. Na3 d5 11. Nxc6 Nxc6 12. Qc2 Qe7 13. Nb1 b5 14. exd5 exd5 15. Bf3 Be6 16. Re1 Rfd8 17. a4 b4 18. Nd2 bxc3 19. Bxc3 Rac8 20. Nf1 Nd4 21. Qd3 Nxf3+ 22. gxf3 d4 23. Bd2 Qb7 24. Rab1 Bd5 25. b4 Bf8 26. b5 axb5 27. Rxb5 Qa6 28. Qf5 g6 29. Qh3 Be6 30. Qh4 Qxa4 31. Ra5 Qb3 32. Ng3 Qxf3 33. Ne4 Bg7 34. Bg5 Rd7 35. Nf6+ Bxf6 36. Bxf6 Bd5 37. Rxd5 Rxd5 38. Bxd4 Rcd8 39. Re4 Qd1+ 40. Kg2 Rxd4 0-1

[Event "WSTCC-50 2024"]
[Site "Krakow"]
[Date "2024.07.09"]
[Round "7.16"]
[White "Findlay, Ian T."]
[Black "Linik, Yaron"]
[Result "1/2-1/2"]
[WhiteElo "2118"]
[BlackElo "1910"]
[Annotator "RC"]
[PlyCount "58"]
[EventDate "2024.07.01"]
[EventType "team-tourn"]
[EventCountry "POL"]
[SourceTitle "playchess.com"]
[Source "ChessBase"]
[SourceQuality "1"]

1. e4 e6 2. d4 d5 3. Nd2 Nf6 4. e5 Nfd7 5. Bd3 c5 6. c3 Nc6 7. Ne2 cxd4 8. cxd4 f6 9. exf6 Nxf6 10. Nf3 Bd6 11. O-O O-O 12. Bf4 Bxf4 13. Nxf4 Ne4 14. Qc1 Qf6 15. Ne2 Bd7 16. Qe3 Be8 17. Ng3 Nd6 18. Ng5 Bg6 19. Bxg6 Qxg6 20. Qxe6+ Qxe6 21. Nxe6 Rf7 22. Rfe1 Nb5 23. Rad1 Re8 24. a4 Nbxd4 25. Nxd4 Rxe1+ 26. Rxe1 Nxd4 27. Re8+ Rf8 28. Re7 Rf7 29. Re8+ Rf8 1/2-1/2

[Event "WSTCC-50 2024"]
[Site "Krakow"]
[Date "2024.07.09"]
[Round "7.16"]
[White "Serafim Junior, Arnor"]
[Black "Jezierska, Ivona"]
[Result "1-0"]
[WhiteElo "1770"]
[BlackElo "2079"]
[Annotator "NA RC"]
[PlyCount "133"]
[EventDate "2024.07.01"]
[EventType "team-tourn"]
[EventCountry "POL"]
[SourceTitle "playchess.com"]
[Source "ChessBase"]
[SourceQuality "1"]

1. c4 d6 2. Nc3 g6 3. g3 Bg7 4. Bg2 Nf6 5. Nf3 e5 6. d3 O-O 7. O-O c6 8. Rb1 Re8 9. Bg5 h6 10. Bxf6 Bxf6 11. Nd2 Bg7 12. b4 Be6 13. Qb3 Na6 14. Rfc1 Qd7 15. Qa4 Rec8 16. b5 Nc5 17. Qa3 Bf8 18. Nde4 Nxe4 19. Nxe4 Kg7 20. Qb2 f5 21. Nd2 Kg8 22. a4 c5 23. a5 Rab8 24. Qa2 Rd8 25. Nf1 f4 26. Nd2 Bg7 27. a6 b6 28. Rd1 Qf7 29. Qc2 g5 30. Ne4 d5 31. Nd2 d4 32. Ne4 g4 33. f3 Qh5 34. Rf1 Rf8 35. Rf2 Bf5 36. Nd6 fxg3 37. hxg3 Be6 38. Rbf1 Qg5 39. Qc1 Qe3 40. Ne4 Rf7 41. Re1 Rbf8 42. Qxe3 dxe3 43. Rff1 Rd7 44. fxg4 Bxg4 45. Rxf8+ Kxf8 46. Rf1+ Ke7 47. Bf3 h5 48. Bxg4 hxg4 49. Rf5 Ke6 50. Rg5 Bf6 51. Rxg4 Kf5 52. Rg8 Bd8 53. Kg2 Ke6 54. Kf3 Kf7 55. Rh8 Kg7 56. Rh5 Kg6 57. Rxe5 Bc7 58. Rg5+ Kh6 59. Kxe3 Re7 60. Rg4 Be5 61. Kd2 Rf7 62. Nc3 Kh5 63. Rg8 Kh6 64. Nd5 Kh7 65. Re8 Bd6 66. Re6 Bxg3 67. Re7 1-0

[Event "WSTCC-50 2024"]
[Site "Krakow"]
[Date "2024.07.09"]
[Round "7.16"]
[White "Goman, Colin"]
[Black "Jhunjhnuwala, Suresh"]
[Result "0-1"]
[WhiteElo "1759"]
[BlackElo "1888"]
[Annotator "NA RC"]
[PlyCount "52"]
[EventDate "2024.07.01"]
[EventType "team-tourn"]
[EventCountry "POL"]
[SourceTitle "playchess.com"]
[Source "ChessBase"]
[SourceQuality "1"]

1. d4 e6 2. c4 f5 3. e3 Nf6 4. Bd3 Be7 5. Nf3 b6 6. O-O Bb7 7. b3 O-O 8. Bb2 Ne4 9. Ne5 d6 10. Nf3 Nd7 11. d5 exd5 12. Nd4 Rf7 13. Ne6 Qc8 14. Nxg7 Rxg7 15. Bxg7 Kxg7 16. Bxe4 dxe4 17. a3 Qe8 18. Nd2 Bf6 19. Ra2 Ne5 20. Qe2 Qg6 21. Rd1 Rg8 22. Kh1 Kh8 23. Rg1 Nf3 24. Nxf3 exf3 25. Qf1 fxg2+ 26. Rxg2 Bxg2+ 0-1

[Event "WSTCC-50 2024"]
[Site "Krakow"]
[Date "2024.07.09"]
[Round "7.17"]
[White "Mitchell, Martin"]
[Black "Westphal, Wolfgang"]
[Result "1-0"]
[WhiteElo "2159"]
[BlackElo "2172"]
[Annotator "RC"]
[PlyCount "97"]
[EventDate "2024.07.01"]
[EventType "team-tourn"]
[EventCountry "POL"]
[SourceTitle "playchess.com"]
[Source "ChessBase"]
[SourceQuality "1"]

1. d4 g6 2. c4 Bg7 3. Nc3 d6 4. e4 Nc6 5. Be3 e5 6. d5 Nce7 7. h4 f5 8. h5 f4 9. Bd2 g5 10. b4 Nf6 11. Rc1 O-O 12. c5 Bg4 13. Be2 Bxe2 14. Ngxe2 c6 15. dxc6 bxc6 16. cxd6 Qxd6 17. Qb3+ Rf7 18. Rd1 Qc7 19. Bc1 Re8 20. a4 Qc8 21. f3 g4 22. h6 Bh8 23. Rd6 Rd8 24. Qd1 Rxd6 25. Qxd6 Ne8 26. Qd3 Qe6 27. b5 cxb5 28. axb5 Ng6 29. Nd5 Rd7 30. Qc4 Qf7 31. Nec3 Nf8 32. Rh4 gxf3 33. Rg4+ Ng6 34. gxf3 Rc7 35. Qa2 Rd7 36. Ba3 Bf6 37. Bc5 Kh8 38. Qa6 Bd8 39. Qc6 Nc7 40. Ke2 Ne6 41. Qc8 Nxc5 42. Qxc5 Bb6 43. Nxb6 axb6 44. Qc8+ Nf8 45. Rg7 Rd2+ 46. Ke1 Qf6 47. Qg4 Qe6 48. Kxd2 Qb3 49. Rxh7+ 1-0

[Event "WSTCC-50 2024"]
[Site "Krakow"]
[Date "2024.07.09"]
[Round "7.17"]
[White "Slabek, Grzegorz"]
[Black "Homer, Stephen J"]
[Result "1/2-1/2"]
[WhiteElo "1962"]
[BlackElo "2019"]
[Annotator "NA RC"]
[PlyCount "84"]
[EventDate "2024.07.01"]
[EventType "team-tourn"]
[EventCountry "POL"]
[SourceTitle "playchess.com"]
[Source "ChessBase"]
[SourceQuality "1"]

1. Nf3 c5 2. b3 Nf6 3. Bb2 e6 4. e3 b6 5. Be2 Bb7 6. O-O d6 7. c4 g6 8. d4 Nbd7 9. Nc3 a6 10. dxc5 Nxc5 11. b4 Ncd7 12. Ng5 Be7 13. Nge4 Qc7 14. Bf3 O-O 15. Rc1 Ne5 16. Nxf6+ Bxf6 17. Bxb7 Qxb7 18. Qe2 Rfc8 19. Nb1 Bg7 20. Nd2 Nd3 21. Qxd3 Bxb2 22. Rc2 Bg7 23. Qxd6 Bf8 24. Qe5 Bxb4 25. Ne4 Be7 26. Rb1 Qc6 27. g3 Rd8 28. h4 f5 29. Nd2 Rf8 30. Qb2 Rab8 31. Rbc1 Kf7 32. Nb3 Rfd8 33. Rd2 Rxd2 34. Nxd2 Rd8 35. Nb3 Bc5 36. Nxc5 Qxc5 37. Rb1 Qxc4 38. Qxb6 Rd7 39. a3 Qd3 40. Qb2 Rc7 41. Rc1 Rxc1+ 42. Qxc1 Qd7 1/2-1/2

[Event "WSTCC-50 2024"]
[Site "Krakow"]
[Date "2024.07.09"]
[Round "7.18"]
[White "Dettmann, Gerd"]
[Black "Hulme, William"]
[Result "1-0"]
[WhiteElo "2121"]
[BlackElo "1941"]
[Annotator "RC"]
[PlyCount "121"]
[EventDate "2024.07.01"]
[EventType "team-tourn"]
[EventCountry "POL"]
[SourceTitle "playchess.com"]
[Source "ChessBase"]
[SourceQuality "1"]

1. e4 e5 2. Nf3 Nc6 3. Bb5 a6 4. Ba4 Nf6 5. O-O Nxe4 6. d4 b5 7. Bb3 d5 8. dxe5 Be6 9. c3 Bc5 10. Nbd2 O-O 11. Qe2 Bf5 12. a4 Rb8 13. axb5 axb5 14. Nxe4 dxe4 15. Ng5 Nxe5 16. Nxe4 Bg4 17. Qc2 Bf5 18. Qe2 Bg4 19. Qc2 Bf5 20. Qe2 Bg4 21. Qd2 Qxd2 22. Bxd2 Bb6 23. Be3 Bxe3 24. fxe3 Nc4 25. Ra7 Be6 26. Nc5 Nxe3 27. Nxe6 fxe6 28. Bxe6+ Kh8 29. Re1 Nc2 30. Re2 Rbd8 31. h3 Rd1+ 32. Kh2 Ne1 33. Rxc7 Nd3 34. Rc8 Rxc8 35. Bxc8 g6 36. Ba6 Nf4 37. Rc2 Rd5 38. Bb7 Rc5 39. Rd2 Kg7 40. g3 Ne6 41. Rd7+ Kf6 42. Bd5 Ke5 43. Bxe6 Kxe6 44. Rxh7 Rd5 45. b4 Rd2+ 46. Kg1 Rd3 47. Kg2 Rxc3 48. Rh4 Kd5 49. Rg4 Rc4 50. Rxg6 Rxb4 51. h4 Rb2+ 52. Kf3 b4 53. h5 Rh2 54. g4 b3 55. Rb6 Ke5 56. Kg3 Rb2 57. Kh4 Kf4 58. Rb4+ Ke5 59. Kg5 Rb1 60. Kg6 b2 61. g5 1-0

[Event "WSTCC-50 2024"]
[Site "Krakow"]
[Date "2024.07.09"]
[Round "7.18"]
[White "Rasalingam, Haran"]
[Black "Czernicki, Bogdan"]
[Result "1-0"]
[WhiteElo "1944"]
[BlackElo "1886"]
[Annotator "NA RC"]
[PlyCount "139"]
[EventDate "2024.07.01"]
[EventType "team-tourn"]
[EventCountry "POL"]
[SourceTitle "playchess.com"]
[Source "ChessBase"]
[SourceQuality "1"]

1. e4 c5 2. Nc3 e5 3. Bc4 d6 4. d3 h6 5. f4 Nf6 6. Nf3 Nc6 7. a3 Be7 8. Ba2 exf4 9. Bxf4 Bg4 10. Qd2 Qd7 11. O-O Bxf3 12. Rxf3 Nd4 13. Rff1 Ne6 14. Qe2 O-O 15. Bg3 Nd4 16. Qd1 b5 17. Nd5 Nxd5 18. Bxd5 Rad8 19. c3 Ne6 20. Qh5 Bg5 21. h4 g6 22. Qe2 Be7 23. Rf3 Nc7 24. Ba2 Kg7 25. Raf1 f6 26. Be1 Rde8 27. Bd2 Bd8 28. Qe3 g5 29. Qf2 Re5 30. Bb1 Ne6 31. Be3 gxh4 32. Qxh4 Ng5 33. Rg3 Ree8 34. d4 c4 35. Rf5 Rh8 36. Qh5 Qf7 37. Qg4 a6 38. Bf4 Qe7 39. Rd5 Bc7 40. e5 fxe5 41. dxe5 Bb6+ 42. Kh2 Qe6 43. Rxd6 Qxg4 44. Rxg4 Bd8 45. Rxa6 Kf8 46. Bg6 Re6 47. Rxe6 Nxe6 48. Be3 Bc7 49. Kg1 Ke7 50. Rh4 Bxe5 51. Rxh6 Rxh6 52. Bxh6 Nf4 53. Be4 Kd7 54. Kf2 Nh5 55. Be3 Nf6 56. Bf3 Kd6 57. g4 Ne8 58. g5 Ng7 59. Be4 Ne6 60. Kf3 Bg7 61. Bf5 Nc5 62. Bd4 Bxd4 63. cxd4 Na6 64. g6 Ke7 65. Ke4 b4 66. Ke5 c3 67. axb4 cxb2 68. b5 Nb8 69. Bb1 Nd7+ 70. Ke4 1-0

[Event "WSTCC-50 2024"]
[Site "Krakow"]
[Date "2024.07.09"]
[Round "7.19"]
[White "Dawson, Alastair"]
[Black "Dettmann, Holger"]
[Result "1/2-1/2"]
[WhiteElo "1850"]
[BlackElo "1965"]
[Annotator "NA RC"]
[PlyCount "34"]
[EventDate "2024.07.01"]
[EventType "team-tourn"]
[EventCountry "POL"]
[SourceTitle "playchess.com"]
[Source "ChessBase"]
[SourceQuality "1"]

1. c4 Nf6 2. Nf3 c5 3. Nc3 g6 4. g3 Bg7 5. Bg2 O-O 6. O-O Nc6 7. d4 cxd4 8. Nxd4 Nxd4 9. Qxd4 d6 10. e4 Be6 11. Qd3 Qc8 12. Nd5 Nxd5 13. cxd5 Bh3 14. Rb1 Bxg2 15. Kxg2 Qd7 16. b3 Rfc8 17. Bd2 Rc7 1/2-1/2

[Event "WSTCC-50 2024"]
[Site "Krakow"]
[Date "2024.07.09"]
[Round "7.19"]
[White "Skorecki, Janusz"]
[Black "Wilson, Edgar"]
[Result "0-1"]
[WhiteElo "1729"]
[BlackElo "1912"]
[Annotator "NA RC"]
[PlyCount "40"]
[EventDate "2024.07.01"]
[EventType "team-tourn"]
[EventCountry "POL"]
[SourceTitle "playchess.com"]
[Source "ChessBase"]
[SourceQuality "1"]

1. e4 e6 2. d4 d5 3. Nd2 Nf6 4. e5 Nfd7 5. Ngf3 c5 6. c3 Nc6 7. Bd3 Qb6 8. dxc5 Bxc5 9. Qe2 Qc7 10. Bb5 O-O 11. Bxc6 bxc6 12. Nb3 Be7 13. O-O c5 14. Re1 a5 15. Bg5 Bxg5 16. Nxg5 h6 17. Nh3 f6 18. f4 fxe5 19. fxe5 Rf5 20. Rf1 Ba6 0-1

[Event "WSTCC-50 2024"]
[Site "Krakow"]
[Date "2024.07.09"]
[Round "7.20"]
[White "Van Bentum, Horst"]
[Black "Heatlie, Douglas S"]
[Result "1/2-1/2"]
[WhiteElo "1951"]
[BlackElo "1834"]
[Annotator "RC"]
[PlyCount "34"]
[EventDate "2024.07.01"]
[EventType "team-tourn"]
[EventCountry "POL"]
[SourceTitle "playchess.com"]
[Source "ChessBase"]
[SourceQuality "1"]

1. e4 e5 2. Nf3 Nc6 3. Bc4 h6 4. d4 exd4 5. Nxd4 Ne5 6. Be2 c5 7. Nf3 d6 8. Nc3 Nf6 9. O-O Be6 10. Bb5+ Nfd7 11. Nxe5 dxe5 12. Nd5 a6 13. Be2 Nf6 14. Nxf6+ Qxf6 15. Bg4 Rd8 16. Qe2 Be7 17. Bxe6 Qxe6 1/2-1/2

[Event "WSTCC-50 2024"]
[Site "Krakow"]
[Date "2024.07.09"]
[Round "7.20"]
[White "De Winter, Kevin"]
[Black "Cholewa, Dorota"]
[Result "1-0"]
[WhiteElo "1803"]
[BlackElo "1530"]
[Annotator "NA RC"]
[PlyCount "99"]
[EventDate "2024.07.01"]
[EventType "team-tourn"]
[EventCountry "POL"]
[SourceTitle "playchess.com"]
[Source "ChessBase"]
[SourceQuality "1"]

1. e4 c6 2. Nf3 d5 3. d3 Bg4 4. Be2 Bxf3 5. Bxf3 e5 6. O-O Nf6 7. Qe2 Bd6 8. exd5 cxd5 9. Nc3 Bc7 10. Bg5 Nc6 11. Nxd5 Qd6 12. Nxc7+ Qxc7 13. Bxc6+ bxc6 14. Rfe1 Nd7 15. d4 f6 16. Bh4 O-O 17. dxe5 Nxe5 18. Bg3 Rfe8 19. Bxe5 Rxe5 20. Qc4+ Kh8 21. g3 Rae8 22. Rxe5 Rxe5 23. Rd1 h6 24. Qg4 Re7 25. Qd4 Qb7 26. b3 a6 27. Qf4 Re5 28. Qf3 Qc7 29. c4 a5 30. Qd3 Re8 31. Qd6 Rc8 32. Qxc7 Rxc7 33. c5 Ra7 34. Rd6 Ra6 35. Rd4 Kg8 36. Ra4 Kf7 37. b4 Ra8 38. Rxa5 Rc8 39. Ra7+ Kf8 40. Kf1 Re8 41. a3 g5 42. Rc7 Re6 43. a4 Ke8 44. a5 Kd8 45. Rb7 Kc8 46. a6 Re4 47. Rb6 Rc4 48. a7 Rc1+ 49. Kg2 Ra1 50. Rb8+ 1-0

[Event "WSTCC-50 2024"]
[Site "Krakow"]
[Date "2024.07.09"]
[Round "7.21"]
[White "Rogowski, Jaroslaw"]
[Black "Dahl, Fredrik A"]
[Result "0-1"]
[WhiteElo "2149"]
[BlackElo "2237"]
[Annotator "TA"]
[PlyCount "78"]
[EventDate "2024.07.01"]
[EventType "team-tourn"]
[EventCountry "POL"]
[SourceTitle "playchess.com"]
[Source "ChessBase"]
[SourceQuality "1"]

1. d4 Nf6 2. Nf3 e6 3. c4 Bb4+ 4. Nbd2 d6 5. a3 Bxd2+ 6. Bxd2 Nc6 7. Qc2 O-O 8. Bc3 Qe7 9. e3 e5 10. d5 Nb8 11. e4 Nh5 12. g3 f5 13. Be2 g6 14. Nd2 Nf6 15. f3 fxe4 16. Nxe4 Nxe4 17. Qxe4 c5 18. h4 Nd7 19. O-O-O Nf6 20. Qe3 Bd7 21. g4 Rf7 22. h5 gxh5 23. gxh5 Kf8 24. Rde1 Ke8 25. f4 e4 26. Rhg1 Kd8 27. Rg5 Kc7 28. b4 b6 29. Qg3 Raf8 30. h6 e3 31. Re5 Ne4 32. Qxe3 dxe5 33. Qxe4 Kc8 34. d6 Qxd6 35. Qa8+ Qb8 36. Qd5 Qb7 37. Qxe5 Re8 38. Qxe8+ Bxe8 39. Bg4+ Bd7 0-1

[Event "WSTCC-50 2024"]
[Site "Krakow"]
[Date "2024.07.09"]
[Round "7.21"]
[White "Skibbe, Diana"]
[Black "Mertens, Marc"]
[Result "0-1"]
[WhiteElo "1942"]
[BlackElo "2142"]
[Annotator "RC"]
[PlyCount "94"]
[EventDate "2024.07.01"]
[EventType "team-tourn"]
[EventCountry "POL"]
[SourceTitle "playchess.com"]
[Source "ChessBase"]
[SourceQuality "1"]

1. e4 c5 2. Nf3 d6 3. d4 cxd4 4. Nxd4 Nf6 5. Nc3 a6 6. Qd3 Qc7 7. Bg5 Nbd7 8. Bxf6 Nxf6 9. Be2 g6 10. O-O Bg7 11. Nd5 Nxd5 12. exd5 O-O 13. c3 Qb6 14. b4 Bd7 15. Rfd1 Rfc8 16. Rac1 Rc7 17. Qe3 Rac8 18. a3 Ba4 19. Rd2 Bb5 20. Nxb5 Qxe3 21. fxe3 axb5 22. Bxb5 Rxc3 23. Rxc3 Rxc3 24. Rd3 Rc2 25. Kf1 Be5 26. Kg1 Kg7 27. Rb3 Ra2 28. Bd3 h5 29. Bb1 Rd2 30. e4 Bd4+ 31. Kf1 Rf2+ 32. Ke1 Rxg2 33. h3 Rb2 34. Rxb2 Bxb2 35. b5 Bxa3 36. Ke2 Kf6 37. Bd3 Ke5 38. Kf3 Kd4 39. Bf1 Bc1 40. Be2 b6 41. Bf1 f5 42. exf5 gxf5 43. Kg3 Kxd5 44. Kh4 e5 45. Kxh5 e4 46. Kh4 Bf4 47. Kh5 Ke5 0-1

[Event "WSTCC-50 2024"]
[Site "Krakow"]
[Date "2024.07.09"]
[Round "7.22"]
[White "Kirkebo, Carl Peter"]
[Black "Ograbek, Grzegorz"]
[Result "1/2-1/2"]
[WhiteElo "2160"]
[BlackElo "2063"]
[Annotator "RC"]
[PlyCount "43"]
[EventDate "2024.07.01"]
[EventType "team-tourn"]
[EventCountry "POL"]
[SourceTitle "playchess.com"]
[Source "ChessBase"]
[SourceQuality "1"]

1. e4 e6 2. d4 d5 3. Nd2 Nf6 4. e5 Nfd7 5. Bd3 c5 6. c3 Nc6 7. Ne2 cxd4 8. cxd4 f6 9. exf6 Nxf6 10. Nf3 Bd6 11. O-O Qc7 12. Bg5 O-O 13. Rc1 Ng4 14. h3 Rxf3 15. hxg4 Rf8 16. Bb1 g6 17. b3 Qg7 18. Qd2 Rf7 19. Bh6 Qf6 20. Bg5 Qg7 21. Bh6 Qf6 22. Bg5 1/2-1/2

[Event "WSTCC-50 2024"]
[Site "Krakow"]
[Date "2024.07.09"]
[Round "7.22"]
[White "Haensel, Jean-Marie"]
[Black "Wolf, Sylvia"]
[Result "0-1"]
[WhiteElo "1868"]
[BlackElo "1992"]
[Annotator "NA RC"]
[PlyCount "42"]
[EventDate "2024.07.01"]
[EventType "team-tourn"]
[EventCountry "POL"]
[SourceTitle "playchess.com"]
[Source "ChessBase"]
[SourceQuality "1"]

1. d4 Nf6 2. Nf3 c5 3. c4 cxd4 4. Qxd4 Nc6 5. Qd1 g6 6. Bf4 Bg7 7. g3 d6 8. Nc3 O-O 9. Bg2 Be6 10. Qd3 Nb4 11. Qd1 Bxc4 12. Qa4 a5 13. a3 b5 14. Qd1 Nbd5 15. Nd4 Nxc3 16. bxc3 Rc8 17. Nc6 Qc7 18. O-O e5 19. Bg5 d5 20. Bxf6 Bxf6 21. Bxd5 Bxd5 0-1